000 00276nam a2200121 a 4500
008 100921s1972|||| d
245 1 0 _aVyhnanstvo
100 1 _aFeuchtwanger, Lion
260 _bPravda
_c1972
_aBratislava
020 _c46,50
044 _axo
_cSK
041 _aslo
999 _c10577
_d10577